Tunnettuja suomenruotsalaisia 2 - Statistics

Yleistilastot
  • Tätä visaa on pelattu 58 kertaa
  • Keskiarvotulos 7 / 15
Vastaustilastot
Vihje Vastaus % Oikein
Suomen tasavallan 13. presidentti Alexander Stubb
98%
Ruotsia Euroviisuissa edustanut huumoriyhtye KAJ
96%
liikemies ja Liike Nytin perustaja Harry Harkimo
93%
mm. Putouksesta ja Petollisista tunnettu koomikko Christoffer Strandberg
59%
poplaulaja, joka tuli tunnetuksi jo 13-vuotiaana kappaleellaan New Way Home Isac Elliot
56%
"satusetänä" tunnettu kirjailija ja runoilija; tunnetuimpia teoksia mm. Koivu ja tähti, Adalminan helmi sekä Maamme kirja Zachris Topelius
52%
kuolema-aiheisista symbolistisista maalauksista tunnettu taiteilija Hugo Simberg
50%
aktivisti, joka murhasi Suomen kenraalikuvernööri Nikolai Bobrikovin Eugen Schauman
48%
persoonallisesta tyylistään tunnettu toimittaja; juontanut mm. Pressiklubi-keskusteluohjelmaa Ruben Stiller
33%
tutkimusmatkailija, jonka johtama retkikunta purjehti ensimmäisenä Koillisväylän läpi Adolf Erik Nordenskiöld
31%
ensimmäinen ammattilaisnyrkkeilyn maailmanmestaruuden voittanut suomalainen Eva Wahlström
30%
Suomen jalkapallomaajoukkueen kapteeni vuosina 2018-2021 Tim Sparv
30%
ahvenanmaalainen kirjailija; tunnetuin teos Myrskyluoto-sarja Anni Blomqvist
24%
liikemies; tunnetaan työstään Angry Birds -pelien ja startup-tapahtuma Slushin parissa Peter Vesterbacka
20%
ekonomisti; ainoa suomalainen, joka on palkittu taloustieteen Nobel-palkinnolla Bengt Holmström
13%
Ehtoja vastaavia visoja ei löytynyt
Tulosjakauma
Jokaisen tuloksen saaneiden osuus
Persentiili vastausten määrän mukaan
Tuloshistoriasi
Et ole pelannut tätä visaa